书目信息 |
| 题名: |
社交礼仪教程
|
|
| 作者: | 刘维娅, 主编 | |
| 分册: | ||
| 出版信息: | 武汉 华中师范大学出版社 2007.08 |
|
| 页数: | 231页 | |
| 开本: | 23cm | |
| 丛书名: | 华大博雅·通识课系列教材 | |
| 单 册: | ||
| 中图分类: | C912.1 | |
| 科图分类: | ||
| 主题词: | 人间交往--ren jian jiao wang--礼仪--高等学校--教材 | |
| 电子资源: | ||
| ISBN: | 978-7-5622-3565-1 | |
| 000 | 00967nam 2200265 450 | |
| 001 | 012008749188 | |
| 005 | 20080603103056.29 | |
| 010 | @a978-7-5622-3565-1@dCNY22.00 | |
| 100 | @a20080603d2007 em y0chiy0120 ea | |
| 101 | 0 | @achi |
| 102 | @aCN@b420000 | |
| 105 | @aa a 000yy | |
| 106 | @ar | |
| 200 | 1 | @a社交礼仪教程@Ashe jiao li yi jiao cheng@f刘维娅主编@Fliu wei ya zhu bian |
| 210 | @a武汉@c华中师范大学出版社@d2007.08 | |
| 215 | @a231页@c图@d23cm | |
| 225 | 2 | @a华大博雅·通识课系列教材@Ahua da bo ya·tong shi ke xi lie jiao cai |
| 320 | @a有书目 (第230-231页) | |
| 330 | @a本书包括:礼仪概述,个人形象礼仪,日常交往礼仪,社会交际礼仪,公共场所礼仪,校园生活礼仪,求职面试礼仪,职场礼仪。 | |
| 410 | 0 | @12001 @a华大博雅·通识课系列教材 |
| 606 | 0 | @a人间交往@Aren jian jiao wang@x礼仪@x高等学校@j教材 |
| 690 | @aC912.1@v4 | |
| 701 | 0 | @a刘维娅,@Aliu wei ya@f1957.8- @4主编 |
| 801 | 0 | @aCN@bQSSK@c20080603 |
| 905 | @b722925-27@dC912.1@eL688@f3 | |
| 社交礼仪教程/刘维娅主编.-武汉:华中师范大学出版社,2007.08 |
| 231页:图;23cm.-(华大博雅·通识课系列教材) |
| ISBN 978-7-5622-3565-1:CNY22.00 |
| 本书包括:礼仪概述,个人形象礼仪,日常交往礼仪,社会交际礼仪,公共场所礼仪,校园生活礼仪,求职面试礼仪,职场礼仪。 |
| ● |
| 相关链接 |
|
|
|
正题名:社交礼仪教程
索取号:C912.1/L688
 
预约/预借
| 序号 | 登录号 | 条形码 | 馆藏地/架位号 | 状态 | 备注 |
| 1 | 722925 | 207229257 | 社科库509/509社科库 57排2列3层/ [索取号:C912.1/L688] | 在馆 | |
| 2 | 722926 | 207229266 | 社科库509/509社科库 57排2列3层/ [索取号:C912.1/L688] | 在馆 | |
| 3 | 722927 | 207229275 | 社科库509/509社科库 57排2列3层/ [索取号:C912.1/L688] | 在馆 |